000
00338 a2200157 4500
001
71395
020
_a
8532203914
040
_c
Anchieta - Colégio São Paulo
100
_a
Furnari, Eva
240
1
0
_a
Quer brincar?
_l
por
245
1
0
_a
Quer brincar?
300
_a
[16]
362
0
_a
1998
650
4
_a
Literatura infantil
942
_c
BK
999
_c
71395
_d
71395